Κατάλογος Βιβλιοθηκών Mediterranean College

An Introduction to Financial Accounting (Record no. 672)

MARC details
000 -LEADER
fixed length control field 01497cam a22002054a 4500
005 - ΗΜΕΡΟΜΗΝΙΑ ΚΑΙ ΩΡΑ ΤΕΛΕΥΤΑΙΑΣ ΕΝΗΜΕΡΩΣΗΣ
Πεδίο ελέγχου 20250605163942.0
008 - FIXED-LENGTH DATA ELEMENTS--GENERAL INFORMATION
Πεδίο ελέγχου σταθερού μήκους 250528s ||||||||||||||||||||||||d
035 ## - SYSTEM CONTROL NUMBER
System control number 15073
020 ## - ISBN
ISBN 77074432
040 ## - ΠΗΓΗ ΚΑΤΑΛΟΓΟΓΡΑΦΗΣΗΣ
Φορέας πρωτότυπης καταλογογράφησης MC Athens Campus Library
Γλώσσα καταλογογράφησης Ελληνικά, Μοντέρνα (1453-)
Modifying agency MC Athens Campus Library
Κανόνες περιγραφικής καταλογογράφησης AACR2
245 1# - ΤΙΤΛΟΣ ΚΑΙ ΔΗΛΩΣΗ ΥΠΕΥΘΥΝΟΤΗΤΑΣ
Τίτλος An Introduction to Financial Accounting
260 ## - PUBLICATION, DISTRIBUTION, ETC.
Name of publisher, distributor, etc. Mcgraw Hill Book Company,
Date of publication, distribution, etc. 1992
300 ## - PHYSICAL DESCRIPTION
Extent 372
520 ## - SUMMARY, ETC.
Summary, etc. A comprehensive and consistent course in financial accounting. Preface, The Nature and Functions of Financial Accounting, The Accounting Equation and Its Components, Basic Documentation and Books of Account, The General Ledger, The Balancing of Accounts and the Trial Balance, Day Books and the Journal, The Cash Book, The Petty Cash Book, The Final Accounts of Sole Traders, Accounting Concepts and Principles and Conventions, Depreciation and Fixed Assets, Bad Debts and Provisions for Bad Depths, The Preparation of Final Accounts from the Trial Balance, Manufacturing Accounts and the Valuation of Stocks, The Bank Reconciliation Statement, Control Accounts, Errors and Suspense Accounts, Single Entry and Incomplete Records, The Final Accounts of Clubs, Accounting for Hire Purchase Transactions, Investment Accounts, Departmental and Branch Accounts, The Final Accounts of Parthnerships, Changes in Share Capital, Cash and Funds Flow Statements, The Use of Computers in Accounting, Index.
700 1# - ΠΡΟΣΘΕΤΗ ΑΝΑΓΡΑΦΗ--ΦΥΣΙΚΟ ΠΡΟΣΩΠΟ
Personal name Rickwood Colin
9 (RLIN) 909
700 1# - ΠΡΟΣΘΕΤΗ ΑΝΑΓΡΑΦΗ--ΦΥΣΙΚΟ ΠΡΟΣΩΠΟ
Personal name Thomas Andrew
9 (RLIN) 910
942 ## - ADDED ENTRY ELEMENTS (KOHA)
Koha item type Books
Holdings
Τύπος τεκμηρίου Βιβλιοθήκη Τρέχουσα τοποθεσία Barcode Αριθμός εισαγωγής Ημερομηνία απόκτησης Ταξιθετικό σύμβολο Αριθμός αντιτύπου Κατάσταση απόσυρσης Κατάσταση χαμένου Κατάσταση κατεστραμμένου Μη δανεισμός Σύνολο δανεισμών Ημερομηνία τελευταίας εμφάνισης Η τιμή ισχύει από
Books MC Athens Campus Library MC Athens Campus Library 9780000006714 1300 05/06/2025 657 RIC 1           05/06/2025 05/06/2025

MC Athens Campus Library
Πατησίων 94 & Κοδριγκτώνος 13, 104 34
Πελλήνης 8 & Πατησίων 107, 112 51
Τ: +30 210 8899600

MC Thessaloniki Campus Library
Ίωνος Δραγούμη 21, 54625 | Ίωνος Δραγούμη 15, 54625
Τ: +30 2310 287779 – Τ: +30 2314 440300